| 000 | 01032nam a22002655a 4500 | ||
|---|---|---|---|
| 003 | OSt | ||
| 005 | 20161219140238.0 | ||
| 008 | 161219s2010 ua frb 000 0 ara d | ||
| 015 | _a2009/23845 | ||
| 020 | _a978977046309 | ||
| 040 |
_aEG-ScBUE _bara _cEG-ScBUE |
||
| 082 | 0 | 4 |
_a340.59 _bع ا ز _222 |
| 100 | 1 | _aعازمي، عيد محمد المنوخ. | |
| 245 | 1 | 0 |
_aجراحة التجميل : _bبين المشروعية .. والمسئولية / _cعيد محمد المنوخ العازمي. |
| 260 |
_aالقاهرة : _bدار النهضة العربية، _c2010. |
||
| 300 |
_a195 ص. ؛ _c24 سم. |
||
| 504 | _aيشتمل على إرجاعات ببليوجرافية. | ||
| 650 | 7 |
_aجراحة التجميل _xقوانين وتشريعات. _2BUEsh |
|
| 650 | 7 |
_aجراحة التجميل (فقه إسلامي) _2BUEsh |
|
| 650 | 7 |
_aالمسئولية المدنية للأطباء. _2BUEsh |
|
| 650 | 7 |
_aالإسلام والطب. _2BUEsh |
|
| 651 | _2BUEsh | ||
| 653 |
_bLLAAWW _cDecember2016 |
||
| 942 | _2ddc | ||
| 999 |
_c23631 _d23603 |
||